| 000 | 00952nam a22003017i 4500 | ||
|---|---|---|---|
| 003 | URS | ||
| 005 | 20220117120700.0 | ||
| 008 | 180522b xxu||||| |||| 00| 0 eng d | ||
| 020 | _a0155743198 | ||
| 040 |
_aDLC _erda _cURS _dDLC _beng |
||
| 050 | 0 | 0 |
_aHD30.23 _b.L36 1981 |
| 100 | 1 | _aLapin, Lawrence L. | |
| 245 | 1 | 0 |
_aQuantitative methods for business decisions / _cLawrence L. Lapin.- |
| 250 | _aSecond edition.- | ||
| 264 | 1 |
_aNew York : _bHarcourt Brace Jovanovich, _c[1981] |
|
| 264 | 4 | _c©1981 | |
| 300 |
_axxii, 774 pages : _billustrations ; _c25 cm |
||
| 336 |
_atext _btxt _2rdacontent |
||
| 337 |
_aunmediated _bn _2rdamedia |
||
| 338 |
_avolume _bnc _2rdacarrier |
||
| 500 | _aIncludes index. | ||
| 504 | _aBibliography: pages 719-725. | ||
| 650 | 0 |
_aDecision making _xMathematical models. |
|
| 650 | 0 | _aOperations research. | |
| 650 | 0 | _aStatistical decision. | |
| 906 |
_a7 _bcbc _corignew _d2 _eopcn _f19 _gy-gencatlg |
||
| 942 |
_2lcc _cFR |
||
| 999 |
_c5203 _d5203 |
||